Les eaux souterraines aux époques anciennes (Record no. 51935)

MARC details
000 -LEADER
campo de control de longitud fija 00606nam a2200169 i 4500
001 - NÚMERO DE CONTROL
campo de control 51935
003 - IDENTIFICADOR DE NÚMERO DE CONTROL
campo de control ES-MaACL
005 - FECHA Y HORA DE LA ÚLTIMA TRANSACCIÓN
campo de control 20230906162456.0
007 - CAMPO FIJO DE DESCRIPCIÓN FÍSICA--INFORMACIÓN GENERAL
campo de control de longitud fija t|
008 - DATOS DE LONGITUD FIJA--INFORMACIÓN GENERAL
campo de control de longitud fija 030821s1887 fr ||||1| fre d
100 1# - ENTRADA PRINCIPAL--NOMBRE DE PERSONA
Nombre de persona Daubrée, Auguste.
9 (RLIN) 42793
245 14 - MENCIÓN DEL TÍTULO
Título Les eaux souterraines aux époques anciennes
Resto del título : rôle qui leur revient dans l'origine et les modifications de la substance de l'écorce terrestre /
Mención de responsabilidad, etc. par A. Daubrée.
260 ## - PUBLICACIÓN, DISTRIBUCIÓN, ETC.
Lugar de publicación, distribución, etc. Paris :
Nombre del editor, distribuidor, etc. Vve. Ch. Dunod A.,
Fecha de publicación, distribución, etc. 1887 (
Fabricante A. Lahure)
300 ## - DESCRIPCIÓN FÍSICA
Extensión IV, 443 p. :
Otras características físicas il. ;
Dimensiones 26 cm.
650 #4 - PUNTO DE ACCESO ADICIONAL DE MATERIA--TÉRMINO DE MATERIA
Término de materia o nombre geográfico como elemento de entrada Aguas subterráneas.
9 (RLIN) 135536
852 ## - LOCALIZACIÓN
Ubicación ES-MaACL
Número de control de estantería F-1399
Holdings
Estatus retirado Estado de pérdida Estado de daño No para préstamo Colección Biblioteca de origen Biblioteca actual Ubicación en estantería Fecha de adquisición Fuente de adquisición Total de préstamos Signatura topográfica completa Código de barras Visto por última vez Precio de reemplazo Tipo de ítem Koha
        Libros del s. XIX Biblioteca del Ateneo de Madrid Biblioteca del Ateneo de Madrid Depósito 2 17/01/2008     F-1399 1054605 23/02/2023 23/02/2023 Libro impreso antiguo